| 000 | 00690nam a2200253Ia 4500 | ||
|---|---|---|---|
| 003 | OSt | ||
| 005 | 20221007071455.0 | ||
| 006 | a|||||r|||| 00| 0 | ||
| 007 | ta | ||
| 008 | 221006b |||||||| |||| 00| 0 eng d | ||
| 024 | _a4,235 | ||
| 037 | _cTextual | ||
| 040 |
_aFLL _cFLL _beng |
||
| 041 |
_2eng _aeng |
||
| 082 | _aZ3,6, L9 | ||
| 100 |
_aNorth P.M. _9115850 |
||
| 245 | 0 | _aCheshire and north private international law | |
| 250 | _a10th | ||
| 260 |
_aLondon _bButterworths U.K _c1979 |
||
| 300 |
_alxxxii755 _ccm. |
||
| 650 |
_aCheshire and north private international law _9688847 |
||
| 942 |
_hZ3,6, L9 _cTEXL _2CC |
||
| 999 |
_c1143446 _d1143446 |
||